[Event "50th Biel Festival"]
[Site "Biel SUI"]
[Date "2017.07.24"]
[Round "1"]
[White "Georgiadis, Nico"]
[Black "Navara, David"]
[Result "1/2-1/2"]
[WhiteElo "2496"]
[BlackElo "2737"]
[PlyCount "118"]
[EventDate "2017.07.24"]

1. e4 c5 2. Nf3 d6 3. d4 cxd4 4. Nxd4 Nf6 5. Nc3 a6 6. Be2 e6 7. O-O Be7 8. f4 O-O 9. a4 Nc6 10. Kh1 Qc7 11. Be3 Nxd4 12. Qxd4 Bd7 13. e5 Ne8 14. Bf3 Bc6 15. Ne4 Rd8 16. Qc3 Rc8 17. a5 dxe5 18. fxe5 f5 19. exf6 Nxf6 20. Qb3 Kh8 21. Nxf6 Rxf6 22. Bxc6 Qxc6 23. Rxf6 gxf6 24. Rf1 Qe4 25. Qd3 Qxd3 26. cxd3 Rd8 27. d4 Rd5 28. Rc1 Bd6 29. g4 Kg7 30. Rc8 Rb5 31. Rd8 Bb4 32. h4 Bf8 33. Rd7+ Kg8 34. h5 Rxb2 35. Rd8 Kf7 36. Rd7+ Be7 37. g5 Rb3 38. Bf4 e5 39. dxe5 fxe5 40. g6+ hxg6 41. Bg5 gxh5 42. Rxe7+ Kg6 43. Rxe5 Rb5 44. Rxb5 axb5 45. Be7 Kf7 46. Ba3 Ke6 47. Kg2 Kd5 48. Kg3 Kc4 49. Kh4 b4 50. Bb2 Kb3 51. Bg7 Kc2 52. Kxh5 b3 53. Kg4 b2 54. Bxb2 Kxb2 55. Kf3 Kc3 56. Ke3 Kc4 57. a6 bxa6 58. Kd2 Kb3 59. Kc1 a5 1/2-1/2

[Event "50th Biel Festival"]
[Site "Biel SUI"]
[Date "2017.07.24"]
[Round "1"]
[White "Morozevich, Alexander"]
[Black "Hou Yifan"]
[Result "0-1"]
[WhiteElo "2675"]
[BlackElo "2666"]
[PlyCount "74"]
[EventDate "2017.07.24"]

1. Nf3 Nf6 2. g3 d5 3. Bg2 e6 4. O-O Be7 5. d3 O-O 6. Nbd2 c5 7. e4 Nc6 8. Re1 Qc7 9. c3 b6 10. e5 Nd7 11. Qe2 a5 12. Nf1 a4 13. Bf4 Bb7 14. h4 Rfc8 15. Ne3 Qd8 16. h5 b5 17. Nxd5 exd5 18. e6 Nf8 19. exf7+ Kxf7 20. h6 Bf6 21. Nh2 Ne7 22. Bh3 Rc6 23. Ng4 Neg6 24. Bd2 d4 25. hxg7 Kxg7 26. Qf3 Rb6 27. Qf5 Qd5 28. Bh6+ Kf7 29. Qxd5+ Bxd5 30. Nxf6 Rxf6 31. cxd4 Nh4 32. gxh4 Rxh6 33. Re5 Rd8 34. Rf5+ Rf6 35. dxc5 Ng6 36. c6 Bxc6 37. Rc1 Rdd6 0-1

[Event "50th Biel Festival"]
[Site "Biel SUI"]
[Date "2017.07.25"]
[Round "2"]
[White "Bacrot, Etienne"]
[Black "Vaganian, Rafael"]
[Result "1-0"]
[WhiteElo "2715"]
[BlackElo "2562"]
[PlyCount "65"]
[EventDate "2017.07.24"]

1. e4 e6 2. d4 d5 3. Nc3 Bb4 4. e5 c5 5. a3 Ba5 6. b4 cxd4 7. Qg4 Ne7 8. bxa5 dxc3 9. Qxg7 Rg8 10. Qxh7 Nbc6 11. Nf3 Qc7 12. Bf4 Bd7 13. a6 O-O-O 14. Qd3 Rg4 15. axb7+ Kb8 16. g3 Ng6 17. Qxc3 d4 18. Qc5 Be8 19. h3 Rd5 20. Qc4 Rxf4 21. gxf4 Qa5+ 22. Nd2 Nxf4 23. Kd1 Rd8 24. Nb3 Qc3 25. Qxc3 dxc3+ 26. Kc1 Nxe5 27. Nc5 Nd7 28. Ne4 Nd5 29. Bc4 N7b6 30. Bxd5 exd5 31. Nxc3 Bc6 32. Rd1 Rg8 33. a4 1-0

[Event "50th Biel Festival"]
[Site "Biel SUI"]
[Date "2017.07.25"]
[Round "2"]
[White "Hou Yifan"]
[Black "Studer, Noel"]
[Result "1/2-1/2"]
[WhiteElo "2666"]
[BlackElo "2493"]
[PlyCount "114"]
[EventDate "2017.07.24"]

1. e4 e6 2. d4 d5 3. Nc3 Nf6 4. Bg5 dxe4 5. Nxe4 Nbd7 6. Nf3 h6 7. Nxf6+ Nxf6 8. Bh4 c5 9. c3 Bd7 10. Bd3 cxd4 11. Nxd4 Bd6 12. Qe2 Qa5 13. Nf5 Bf8 14. Ne3 Bc6 15. Nc4 Qh5 16. Qxh5 Nxh5 17. f3 g5 18. Bf2 Nf4 19. Bf1 g4 20. Ne5 gxf3 21. gxf3 Bd6 22. Nxc6 bxc6 23. O-O-O Nd5 24. Kc2 Bf4 25. Re1 a5 26. a3 Rg8 27. c4 Ne7 28. Bb6 Nf5 29. Re4 e5 30. Bh3 Nd6 31. Rxf4 exf4 32. Kc3 Rg5 33. Re1+ Kf8 34. Bd7 c5 35. h4 Rh5 36. Bc7 Nf5 37. Bxf4 Rd8 38. Ba4 Rxh4 39. Be5 Rh3 40. Bc6 Nd4 41. Bxd4 cxd4+ 42. Kd3 Rh2 43. Rb1 h5 44. Bd5 a4 45. b3 h4 46. bxa4 h3 47. Kxd4 Rg2 48. Rh1 h2 49. a5 Rd6 50. f4 Ra2 51. Kc5 Rg6 52. Bc6 Rxa3 53. Rxh2 Rxa5+ 54. Bb5 Ra1 55. Rf2 Rgg1 56. Kb6 Raf1 57. Rxf1 Rxf1 1/2-1/2

[Event "50th Biel Festival"]
[Site "Biel SUI"]
[Date "2017.07.25"]
[Round "2"]
[White "Navara, David"]
[Black "Morozevich, Alexander"]
[Result "0-1"]
[WhiteElo "2737"]
[BlackElo "2675"]
[PlyCount "80"]
[EventDate "2017.07.24"]

1. d4 Nf6 2. c4 g6 3. g3 c5 4. d5 Bg7 5. Bg2 O-O 6. Nf3 e6 7. Nc3 exd5 8. cxd5 d6 9. O-O Re8 10. Bf4 Na6 11. Re1 Bf5 12. Nh4 Bd7 13. e4 c4 14. Qd2 Nc5 15. Bxd6 Nd3 16. Nf3 Ng4 17. Re2 Qb6 18. Bf4 Qxb2 19. Qxb2 Nxb2 20. Rc1 Nd3 21. Rcc2 Nb4 22. Rc1 Bxc3 23. Rxc3 Nxd5 24. Rc1 Nxf4 25. gxf4 b5 26. Rd2 Bc6 27. h3 Nf6 28. Rd6 Re6 29. Rxe6 fxe6 30. Nd4 Rc8 31. e5 Bxg2 32. Kxg2 Nd5 33. Kf3 c3 34. Nxb5 Rc4 35. Nxa7 Nb4 36. Nb5 c2 37. Nd6 Rc5 38. Ne4 Nxa2 39. Nxc5 Nxc1 40. Ke3 Na2 0-1

[Event "50th Biel Festival"]
[Site "Biel SUI"]
[Date "2017.07.26"]
[Round "3"]
[White "Georgiadis, Nico"]
[Black "Bacrot, Etienne"]
[Result "1/2-1/2"]
[WhiteElo "2496"]
[BlackElo "2715"]
[PlyCount "73"]
[EventDate "2017.07.24"]

1. e4 e5 2. Nf3 Nc6 3. Bb5 Nf6 4. O-O Nxe4 5. Re1 Nd6 6. Nxe5 Be7 7. Bf1 Nxe5 8. Rxe5 O-O 9. Nc3 Ne8 10. Nd5 Bd6 11. Re1 c6 12. Ne3 Be7 13. c4 Nc7 14. d4 d5 15. cxd5 Bb4 16. Bd2 Bxd2 17. Qxd2 Nxd5 18. Nxd5 Qxd5 19. Re5 Qd6 20. Bc4 Bd7 21. Rae1 b5 22. Bb3 a5 23. a3 a4 24. Ba2 Rae8 25. Rxe8 Rxe8 26. Rxe8+ Bxe8 27. Qc3 Bd7 28. Qc5 Qxc5 29. dxc5 Bf5 30. f4 Kf8 31. Kf2 Ke7 32. Ke3 Kf6 33. g3 Be6 34. Bb1 Bf5 35. Ba2 Be6 36. Bb1 Bf5 37. Ba2 1/2-1/2

[Event "50th Biel Festival"]
[Site "Biel SUI"]
[Date "2017.07.26"]
[Round "3"]
[White "Leko, Peter"]
[Black "Hou Yifan"]
[Result "1/2-1/2"]
[WhiteElo "2678"]
[BlackElo "2666"]
[PlyCount "60"]
[EventDate "2017.07.24"]

1. e4 e5 2. Nf3 Nf6 3. Nxe5 d6 4. Nf3 Nxe4 5. Nc3 Nxc3 6. dxc3 Be7 7. Be3 Nc6 8. Qd2 Be6 9. O-O-O Qd7 10. h4 h6 11. c4 O-O 12. Bd3 f5 13. Nd4 Ne5 14. b3 Bf6 15. Nxe6 Qxe6 16. Be2 Ng4 17. Bxg4 fxg4 18. Qd5 Qxd5 19. Rxd5 Rae8 20. Kd2 b6 21. g3 Be5 22. Re1 a5 23. a4 Rf3 24. Re2 Kf7 25. Rd3 Re6 26. c3 Bf6 27. Kc2 Re4 28. Kd2 Re6 29. Kc2 Re4 30. Kd2 Re6 1/2-1/2

[Event "50th Biel Festival"]
[Site "Biel SUI"]
[Date "2017.07.26"]
[Round "3"]
[White "Studer, Noel"]
[Black "Navara, David"]
[Result "1/2-1/2"]
[WhiteElo "2493"]
[BlackElo "2737"]
[PlyCount "166"]
[EventDate "2017.07.24"]

1. d4 Nf6 2. c4 e6 3. g3 c5 4. d5 exd5 5. cxd5 d6 6. Nc3 g6 7. Nf3 Bg7 8. Bg2 O-O 9. O-O Re8 10. Bf4 Bf5 11. Nh4 Bg4 12. h3 Nh5 13. Bc1 Bd7 14. a4 Na6 15. Nf3 Qc8 16. Ng5 Nb4 17. g4 Nf6 18. Bf4 h6 19. Nf3 h5 20. Bxd6 hxg4 21. hxg4 Bxg4 22. Qd2 Qf5 23. Bxc5 Nbxd5 24. Nxd5 Ne4 25. Qd3 Nxc5 26. Qxf5 Bxf5 27. Nc7 Bxb2 28. Ra2 Bf6 29. Nxa8 Rxa8 30. Nd2 Rd8 31. Nc4 b6 32. a5 b5 33. Ne3 b4 34. Nd5 b3 35. Nxf6+ Kg7 36. Rb2 Kxf6 37. Rc1 Bc2 38. Rbxc2 bxc2 39. Rxc2 Nb3 40. a6 Rd1+ 41. Kh2 Rc1 42. Ra2 Nc5 43. Bd5 Rd1 44. Bc4 Ne4 45. Ra3 Kg5 46. Kg2 f5 47. Bd3 Nc5 48. Bb5 Rb1 49. Bc4 Rb4 50. Rc3 Rb2 51. Ra3 Rc2 52. Bb5 Ne6 53. Ra4 Rd2 54. Rb4 Rd6 55. Bc4 Rd4 56. e3 Re4 57. f3 Rxe3 58. Rb7 Nc5 59. Rxa7 Rc3 60. Be2 Ne6 61. Rd7 Nf4+ 62. Kf1 Nxe2 63. Kxe2 Ra3 64. Rd6 f4 65. Kf2 Ra2+ 66. Kg1 Kh5 67. Rc6 g5 68. Rb6 Kh4 69. Rg6 Kg3 70. Rxg5+ Kxf3 71. Rb5 Ra1+ 72. Kh2 Ke3 73. Rb3+ Kf2 74. Rb2+ Kf1 75. Rb3 Kf2 76. Rb2+ Kf3 77. Rb3+ Kg4 78. Kg2 Rxa6 79. Kf2 Ra2+ 80. Kf1 Rh2 81. Kg1 Re2 82. Kf1 Re3 83. Rxe3 fxe3 1/2-1/2

[Event "50th Biel Festival"]
[Site "Biel SUI"]
[Date "2017.07.27"]
[Round "4"]
[White "Navara, David"]
[Black "Leko, Peter"]
[Result "1-0"]
[WhiteElo "2737"]
[BlackElo "2678"]
[PlyCount "77"]
[EventDate "2017.07.24"]

1. d4 Nf6 2. c4 e6 3. Nf3 d5 4. Nc3 Bb4 5. Bg5 h6 6. Bxf6 Qxf6 7. Qa4+ Nc6 8. e3 O-O 9. Rc1 Rd8 10. Be2 dxc4 11. Bxc4 Bd7 12. Qc2 Bd6 13. O-O a6 14. Rfd1 Qe7 15. a3 Rac8 16. Ba2 Nb8 17. e4 Bf4 18. Ra1 Bc6 19. h4 h5 20. Ne2 Bh6 21. Ng3 g6 22. d5 exd5 23. exd5 Be8 24. Re1 Qf8 25. Ng5 Kh8 26. Rad1 Nd7 27. Qb3 Nb6 28. Qf3 Kg8 29. N3e4 Nd7 30. d6 Bg7 31. Nxf7 Bxf7 32. Qxf7+ Qxf7 33. Bxf7+ Kxf7 34. Ng5+ Kf6 35. Re7 Ne5 36. Rd5 Kf5 37. Rxg7 Rxd6 38. Rf7+ Rf6 39. Re7 1-0

[Event "50th Biel Festival"]
[Site "Biel SUI"]
[Date "2017.07.27"]
[Round "4"]
[White "Vaganian, Rafael"]
[Black "Georgiadis, Nico"]
[Result "0-1"]
[WhiteElo "2562"]
[BlackElo "2496"]
[PlyCount "78"]
[EventDate "2017.07.24"]

1. d4 Nf6 2. Nf3 g6 3. Bg5 Bg7 4. Nbd2 O-O 5. e3 d6 6. Be2 Nbd7 7. h3 b6 8. a4 a5 9. c3 Bb7 10. O-O h6 11. Bh4 e5 12. Bb5 Qe8 13. dxe5 dxe5 14. Bxf6 Bxf6 15. e4 Qe7 16. Qc2 Nc5 17. Rfe1 Rfd8 18. Rab1 Ne6 19. Bf1 Bc6 20. Bb5 Bxb5 21. axb5 Qc5 22. c4 Rd7 23. Rbd1 Rad8 24. Nb3 Qb4 25. Rd5 a4 26. Nbd2 Nc5 27. Rb1 Rxd5 28. exd5 e4 29. Nxe4 Nxe4 30. Qxe4 Bxb2 31. Qh4 Ra8 32. Qe4 a3 33. d6 Rf8 34. dxc7 a2 35. Rf1 Qc5 36. Nd2 a1=Q 37. Rxa1 Bxa1 38. Nb3 Qe5 39. Qd3 Qe1+ 0-1

[Event "50th Biel Festival"]
[Site "Biel SUI"]
[Date "2017.07.28"]
[Round "5"]
[White "Morozevich, Alexander"]
[Black "Vaganian, Rafael"]
[Result "1-0"]
[WhiteElo "2675"]
[BlackElo "2562"]
[PlyCount "85"]
[EventDate "2017.07.24"]

1. e4 e6 2. d4 d5 3. Nc3 Bb4 4. e5 b6 5. a3 Bf8 6. Bb5+ c6 7. Ba4 a5 8. Nce2 Ba6 9. c3 Bb5 10. Bc2 a4 11. h4 c5 12. Nf3 Qd7 13. h5 Nh6 14. O-O Nc6 15. Re1 Bxe2 16. Rxe2 c4 17. Bxa4 g6 18. Nh2 gxh5 19. Re3 Nf5 20. Rh3 h4 21. Bg5 Be7 22. Bxe7 Kxe7 23. Ng4 Kd8 24. Nf6 Qb7 25. Bc2 Nce7 26. Qh5 Rf8 27. Nxh7 Kc7 28. Nxf8 Rxf8 29. a4 Kb8 30. Rb1 Qc8 31. b3 cxb3 32. Rxb3 Nxd4 33. Rxb6+ Ka7 34. Rb2 Nxc2 35. Rxc2 Nf5 36. Rb2 Qc7 37. Qe2 Rb8 38. Rxb8 Qxb8 39. Rd3 Qb3 40. Rd1 Qxc3 41. Qb5 Qc7 42. a5 Ne7 43. Rb1 1-0

[Event "50th Biel Festival"]
[Site "Biel SUI"]
[Date "2017.07.28"]
[Round "5"]
[White "Studer, Noel"]
[Black "Bacrot, Etienne"]
[Result "0-1"]
[WhiteElo "2493"]
[BlackElo "2715"]
[PlyCount "92"]
[EventDate "2017.07.24"]

1. d4 d5 2. c4 e6 3. Nf3 Nf6 4. g3 Be7 5. Bg2 O-O 6. O-O dxc4 7. Qc2 b6 8. Bg5 Nd5 9. Bxe7 Qxe7 10. Qxc4 Ba6 11. Qc2 Nd7 12. Nc3 c5 13. Nxd5 exd5 14. Rfe1 Bb7 15. Qa4 Rfe8 16. Rac1 a6 17. dxc5 bxc5 18. Qa5 Rac8 19. Nd2 Nf8 20. e4 d4 21. Nb3 Ne6 22. Rc4 Red8 23. Rd1 f5 24. Re1 fxe4 25. Bxe4 Bxe4 26. Rxe4 Qf7 27. Qd2 Qf5 28. Qd3 Rf8 29. f4 g5 30. Qf3 gxf4 31. h4 Kh8 32. Nd2 Rg8 33. Nf1 Rcf8 34. Re1 Qf6 35. Ra4 Nc7 36. Ra5 Qd6 37. Qh5 f3 38. Kf2 Nd5 39. Qe5+ Qxe5 40. Rxe5 Nb4 41. Re6 Rg6 42. Rxg6 Nd3+ 43. Kg1 hxg6 44. Rxa6 f2+ 45. Kg2 Nxb2 46. Ra3 c4 0-1

[Event "50th Biel Festival"]
[Site "Biel SUI"]
[Date "2017.07.30"]
[Round "6"]
[White "Bacrot, Etienne"]
[Black "Leko, Peter"]
[Result "1/2-1/2"]
[WhiteElo "2715"]
[BlackElo "2678"]
[PlyCount "74"]
[EventDate "2017.07.24"]

1. e4 e5 2. Nf3 Nc6 3. Bb5 a6 4. Ba4 Nf6 5. O-O Be7 6. d3 b5 7. Bb3 d6 8. a3 O-O 9. Nc3 Na5 10. Ba2 Be6 11. b4 Bxa2 12. Rxa2 Nc6 13. Bg5 Nd7 14. Bd2 Nf6 15. Re1 Qd7 16. Qb1 Rab8 17. Nd5 Nxd5 18. exd5 Nd4 19. Nxd4 exd4 20. a4 Rfe8 21. axb5 axb5 22. Ra7 Ra8 23. Ra5 Rac8 24. h3 Bh4 25. Rxe8+ Rxe8 26. Qa1 Bf6 27. Ra8 h5 28. Kf1 g6 29. Rxe8+ Qxe8 30. Qa7 Qc8 31. Bc1 c6 32. dxc6 Qxc6 33. Qa2 Kg7 34. Bd2 Be5 35. Qb1 Bf6 36. Qa2 Be5 37. Qb1 Bf6 1/2-1/2

[Event "50th Biel Festival"]
[Site "Biel SUI"]
[Date "2017.07.30"]
[Round "6"]
[White "Georgiadis, Nico"]
[Black "Morozevich, Alexander"]
[Result "1/2-1/2"]
[WhiteElo "2496"]
[BlackElo "2675"]
[PlyCount "83"]
[EventDate "2017.07.24"]

1. e4 e5 2. Nf3 Nc6 3. Bb5 a6 4. Ba4 Nf6 5. O-O Be7 6. Re1 b5 7. Bb3 d6 8. c3 O-O 9. h3 Re8 10. d4 Bb7 11. Nbd2 Bf8 12. a3 h6 13. Bc2 d5 14. dxe5 Nxe5 15. Nxe5 Rxe5 16. Nf3 Re8 17. e5 Ne4 18. Bf4 c5 19. Qe2 f6 20. Rad1 fxe5 21. Bxe5 Qb6 22. Qe3 Re6 23. Bb3 Nd6 24. Bxd5 Bxd5 25. Rxd5 Nc4 26. Qc1 Qc6 27. Red1 Rae8 28. Bg3 Re2 29. b3 Nb2 30. Ne5 R8xe5 31. Rxe5 Rxe5 32. Bxe5 Nxd1 33. Qxd1 Qe6 34. Bf4 Be7 35. Be3 c4 36. b4 Bf6 37. Qd2 Qe4 38. Kf1 Qb1+ 39. Ke2 Qb3 40. Bd4 Bxd4 41. Qxd4 Qxa3 42. Qd5+ 1/2-1/2

[Event "50th Biel Festival"]
[Site "Biel SUI"]
[Date "2017.07.30"]
[Round "6"]
[White "Vaganian, Rafael"]
[Black "Studer, Noel"]
[Result "1-0"]
[WhiteElo "2562"]
[BlackElo "2493"]
[PlyCount "109"]
[EventDate "2017.07.24"]

1. Nf3 d5 2. c4 e6 3. e3 Nf6 4. b3 c5 5. Bb2 Nc6 6. cxd5 exd5 7. Bb5 Qb6 8. Nc3 Bd6 9. Rc1 O-O 10. Be2 Qa5 11. O-O Bg4 12. Na4 Ne4 13. d3 Bxf3 14. Bxf3 Nd2 15. Bxd5 Nxf1 16. Bxc6 Nxe3 17. fxe3 bxc6 18. Qg4 g6 19. Qf3 f6 20. Qxc6 Rad8 21. Bc3 Qc7 22. Qxc7 Bxc7 23. Nxc5 Bb6 24. Bd4 Rd5 25. b4 Re8 26. Rc4 Kf7 27. a4 Rc8 28. a5 Bxc5 29. bxc5 Ke6 30. Kf2 Rf5+ 31. Ke2 Rg5 32. g3 Rh5 33. h4 g5 34. hxg5 Rxg5 35. e4 Rxg3 36. Bf2 Rg4 37. Kf3 h5 38. d4 f5 39. d5+ Ke7 40. Rb4 fxe4+ 41. Ke2 Rg2 42. Rxe4+ Kd7 43. Kf1 Rg5 44. d6 Rg7 45. Ke2 Rb8 46. Kd3 Rb5 47. Bd4 Rh7 48. Kc4 a6 49. Rf4 h4 50. Rf8 h3 51. Ra8 Rh4 52. Ra7+ Ke8 53. c6 h2 54. c7 Kd7 55. Ra8 1-0

[Event "50th Biel Festival"]
[Site "Biel SUI"]
[Date "2017.07.31"]
[Round "7"]
[White "Studer, Noel"]
[Black "Georgiadis, Nico"]
[Result "0-1"]
[WhiteElo "2493"]
[BlackElo "2496"]
[PlyCount "120"]
[EventDate "2017.07.24"]

1. d4 Nf6 2. c4 e6 3. Nf3 b6 4. g3 Bb4+ 5. Bd2 Be7 6. Bg2 c6 7. O-O d5 8. Qc2 O-O 9. a4 a5 10. Ne5 Bb7 11. Rc1 Nfd7 12. Nd3 Na6 13. Qb3 Rb8 14. Na3 Bf6 15. Nc2 c5 16. cxd5 exd5 17. Bxd5 cxd4 18. Bxb7 Rxb7 19. Nce1 Qe7 20. Qb5 Nac5 21. Nf4 Qe5 22. Rab1 Ne4 23. Qxe5 Bxe5 24. Rd1 Ndc5 25. Nfd3 Bf6 26. Bf4 Nxa4 27. Rbc1 Re8 28. Rc6 g5 29. Ra1 Nxb2 30. Nxb2 gxf4 31. f3 d3 32. Nexd3 Bd4+ 33. e3 Bxe3+ 34. Kg2 Nc5 35. Nxc5 Bxc5 36. Nd3 Be3 37. Ra4 Rd7 38. Nxf4 Rd4 39. Rxd4 Bxd4 40. Nd5 Rb8 41. Rc4 Bb2 42. Ra4 Bg7 43. Kh3 h6 44. Kg4 b5 45. Rxa5 b4 46. Nc7 Rb7 47. Rb5 Rxc7 48. Rxb4 Rc2 49. h4 Rc5 50. Rf4 h5+ 51. Kh3 Bh6 52. Ra4 Bd2 53. Rd4 Bc3 54. Rd3 Kg7 55. Kg2 Be5 56. Kh3 Kg6 57. Ra3 Rc3 58. Ra6+ f6 59. Kg2 Rc2+ 60. Kh3 Bd4 0-1

[Event "50th Biel Festival"]
[Site "Biel SUI"]
[Date "2017.08.01"]
[Round "8"]
[White "Bacrot, Etienne"]
[Black "Navara, David"]
[Result "1/2-1/2"]
[WhiteElo "2715"]
[BlackElo "2737"]
[PlyCount "86"]
[EventDate "2017.07.24"]

1. e4 c5 2. Nf3 d6 3. d4 cxd4 4. Nxd4 Nf6 5. Nc3 a6 6. h3 e6 7. g4 Nfd7 8. g5 b5 9. a3 Bb7 10. h4 Be7 11. Be3 Nc6 12. Nxc6 Bxc6 13. Qd4 O-O 14. O-O-O Rb8 15. h5 e5 16. Qd2 f5 17. gxf6 Nxf6 18. Bd3 Ng4 19. Rdg1 Nxe3 20. Qxe3 Kh8 21. Nd5 h6 22. f4 Bxd5 23. Qg3 Bf6 24. exd5 Qe8 25. fxe5 Bxe5 26. Qg6 Qxg6 27. Bxg6 b4 28. axb4 Rxb4 29. c3 Rb5 30. Rf1 Rfb8 31. Rf2 a5 32. Rhf1 Bf6 33. Re2 Rxd5 34. Re8+ Rxe8 35. Bxe8 Kg8 36. Bg6 Kf8 37. Rd1 Rxd1+ 38. Kxd1 Ke7 39. Kc2 d5 40. Kb3 Kd6 41. Ka4 d4 42. cxd4 Bxd4 43. Kxa5 Bxb2 1/2-1/2

[Event "50th Biel Festival"]
[Site "Biel SUI"]
[Date "2017.08.01"]
[Round "8"]
[White "Georgiadis, Nico"]
[Black "Leko, Peter"]
[Result "1/2-1/2"]
[WhiteElo "2496"]
[BlackElo "2678"]
[PlyCount "43"]
[EventDate "2017.07.24"]

1. e4 c5 2. Nf3 d6 3. d4 cxd4 4. Nxd4 Nf6 5. Nc3 a6 6. g3 e5 7. Nde2 Be7 8. Bg2 O-O 9. a4 Nbd7 10. h3 h5 11. O-O b6 12. Bg5 Bb7 13. Qd2 Qc7 14. Rfd1 Rfc8 15. h4 Rab8 16. Bh3 Rd8 17. b3 g6 18. Rac1 Kg7 19. Bh6+ Kg8 20. Bg5 Kg7 21. Bh6+ Kg8 22. Bg5 1/2-1/2

[Event "50th Biel Festival"]
[Site "Biel SUI"]
[Date "2017.08.01"]
[Round "8"]
[White "Vaganian, Rafael"]
[Black "Hou Yifan"]
[Result "0-1"]
[WhiteElo "2562"]
[BlackElo "2666"]
[PlyCount "66"]
[EventDate "2017.07.24"]

1. d4 Nf6 2. Nf3 e6 3. e3 b6 4. Bd3 Bb7 5. O-O d5 6. b3 Bd6 7. Bb2 O-O 8. Ne5 c5 9. Qe2 Nc6 10. a3 Rc8 11. Nd2 Ne7 12. Rad1 Qc7 13. c4 Ne4 14. cxd5 Nxd2 15. Rxd2 Bxd5 16. Qh5 f5 17. Nc4 cxd4 18. Bxd4 Ng6 19. Nxd6 Qxd6 20. b4 Bxg2 21. Kxg2 Qxd4 22. Qxg6 Qd5+ 23. e4 fxe4 24. Qxe4 Qg5+ 25. Kh1 Qxd2 26. Qxh7+ Kf7 27. Qg6+ Ke7 28. Qxg7+ Rf7 29. Qd4 Qf4 30. Qxf4 Rxf4 31. f3 Rd4 32. Be4 Rd2 33. Rg1 Rc3 0-1

[Event "50th Biel Festival"]
[Site "Biel SUI"]
[Date "2017.08.02"]
[Round "9"]
[White "Hou Yifan"]
[Black "Georgiadis, Nico"]
[Result "1-0"]
[WhiteElo "2666"]
[BlackElo "2496"]
[PlyCount "57"]
[EventDate "2017.07.24"]

1. e4 c5 2. Nf3 d6 3. d4 cxd4 4. Qxd4 Nc6 5. Bb5 a6 6. Bxc6+ bxc6 7. O-O e5 8. Qd3 Nf6 9. Rd1 Qc7 10. Bg5 Nd7 11. Na3 Nc5 12. Qe2 h6 13. Bd2 a5 14. Nc4 Be7 15. Be3 Ba6 16. Bxc5 dxc5 17. Rd2 O-O 18. Rad1 Rfd8 19. Rxd8+ Rxd8 20. Rxd8+ Bxd8 21. a4 Qb8 22. b3 Qb4 23. Nfxe5 Bf6 24. Nf3 Bd4 25. Qd3 Kf8 26. Kf1 Bxc4 27. Qxc4 Qxc4+ 28. bxc4 Bb2 29. Nd2 1-0

[Event "50th Biel Festival"]
[Site "Biel SUI"]
[Date "2017.08.02"]
[Round "9"]
[White "Navara, David"]
[Black "Vaganian, Rafael"]
[Result "1-0"]
[WhiteElo "2737"]
[BlackElo "2562"]
[PlyCount "83"]
[EventDate "2017.07.24"]

1. e4 e6 2. d4 d5 3. Nd2 c5 4. Ngf3 Nc6 5. exd5 exd5 6. Bb5 Bd6 7. dxc5 Bxc5 8. O-O Nge7 9. Nb3 Bd6 10. h3 O-O 11. Bd3 h6 12. c3 Nf5 13. Bc2 Be6 14. Qd3 Qf6 15. g4 g6 16. Re1 Rfe8 17. Rxe6 fxe6 18. gxf5 gxf5 19. Bd2 Rad8 20. Kh1 Kf7 21. Nbd4 Rg8 22. Re1 Rde8 23. Nxe6 Rxe6 24. Qxd5 Ne7 25. Qxe6+ Qxe6 26. Rxe6 Kxe6 27. Bb3+ Kf6 28. Bxg8 Nxg8 29. Kg2 a6 30. a4 Bf8 31. c4 Ne7 32. Bc3+ Kf7 33. Ne5+ Ke6 34. Nd3 Ng6 35. Kf3 Bd6 36. Ke3 Ne7 37. Bg7 Ng8 38. Kd4 b6 39. c5 Bc7 40. Kc4 a5 41. cxb6 Bxb6 42. Kb5 1-0